Τζότο

Αποθηκεύτηκε σε:
Λεπτομέρειες βιβλιογραφικής εγγραφής
Άλλοι συγγραφείς: Tazartes, Maurizia (Συγγραφέας εισαγωγής κ.λπ.)
Μορφή: Βιβλίο
Γλώσσα:Greek
Spanish
Δημοσίευση: [Αθήνα] : Η Καθημερινή, c2006.
Σειρά:Μεγάλοι ζωγράφοι ; 5
Θέματα:
Ετικέτες: Προσθήκη ετικέτας
Δεν υπάρχουν, Καταχωρήστε ετικέτα πρώτοι!

MARC

LEADER 00000cam a2200000 i 4500
001 1/2226
008 091123s2006 gr | ||| |||| ||gre||
020 |a 9607945808  
035 |l 10105903 
040 |a GR-MyUa  |b gre  |e AACR2 
041 1 |a gre  |h spa 
082 7 |a 700.92   |2 (22) 
082 7 |a 759.5   |2 (22) 
245 1 0 |a Τζότο /   |c κείμενα Maurizia Ta[r]artes ; εισαγωγή Isidro Bango Torviso.  
260 |a [Αθήνα] :   |b Η Καθημερινή,   |c c2006.  
300 |a 189 σ. :   |b έγχρ. εικ. ;   |c 19 εκ.  
490 1 |a (Μεγάλοι ζωγράφοι ;   |v 5) 
500 |a Τίτλος πρωτοτύπου: Giotto. 
500 |a Προσφορά της εφημερίδας "Η Καθημερινή", Βιβλιοθήκη Τέχνης. 
504 |a Βιβλιογραφία: σ. 189.  
600 0 0 |a Giotto,   |d 1266?-1337. 
650 0 |a Painting, Italian. 
650 0 |a Painters  |z Italy. 
700 1 |a Tazartes, Maurizia,  |e aui 
830 0 |a Μεγάλοι ζωγράφοι ;  |v 5 
852 |a INST  |b SAMOS  |e 20100122  |h 759.5 ΤΖΟ  |p 005300030814  |q 005300030814  |t BK  |y 0 
852 |a INST  |b SYROS  |e 20091123  |h 700.92 GIO  |p 005500008078  |q 005500008078  |t BK  |y 0 
901 |a BIBL3-2010-1 
901 |a BIBL5-2009-3 
922 |a 3ΕΛΗ 
970 |a Κοντού  |b Παρασκευή  |z 25/11/2009